Characters Played by Different Actors #15 - Statistics

General Stats
  • This quiz has been taken 442 times
  • The average score is 8 of 20
Answer Stats
Actors Hint Character % Correct
Kirsten Dunst; Zendaya Spider-friend MJ Watson
76%
Will Arnett; Robert Pattinson brooding vigilante Batman
71%
Peter Ustinov; Kenneth Branagh Belgian detective Hercule Poirot
62%
Topher Grace; Tom Hardy symbiote Venom
61%
Burt Lancaster; Hugh Jackman great showman P.T. Barnum
50%
Brad Pitt; Edward Norton alter-ego Tyler Durden
49%
Ben Affleck; Charlie Cox really good lawyer Daredevil
41%
Lawrence Fishburne; Yahya Abdul-Mateen god of dreams Morpheus
39%
Winona Ryder; Saoirse Ronan little woman Jo March
37%
Gérard Depardieu, Peter Dinklage French lover by proxy Cyrano de Bergerac
36%
Johnny Depp; Mads Mikkelson wizard Gellert Grindelwald
36%
Claire Foy; Natalie Dormer ill-fated queen Anne Boleyn
34%
Rita Moreno; Rachel Zegler a shark, not a jet Maria (West Side Story)
30%
Raul Julia; Oscar Isaac eccentric Gomez Addams
26%
Kyle MacLachlan; Timothée Chalamet desert messiah Paul Atreides
26%
Danny Elfman; Chris Sarandon pumpkin king Jack Skellington
25%
Dick York; Will Farrell dreaming husband Darrin Stephens
20%
Gwyneth Paltrow; Anya Taylor-Joy romantic Emma Woodhouse
17%
Ed Asner; Mel Gibson cookie eater Santa Claus
11%
Sienna Guillory; Hannah John-Kamen S.T.A.R.S. Alpha team Jill Valentine
6%
No matching quizzes found
Score Distribution
Percent of People with Each Score
Percentile by Number Answered
Your Score History
You have not taken this quiz